| 000 | 01260cam a2200265 a 4500 | ||
|---|---|---|---|
| 003 | EG-GiCUC | ||
| 005 | 20250223032357.0 | ||
| 008 | 190912s1988 ua f m 000 0 ara d | ||
| 040 |
_aEG-GiCUC _bara _cEG-GiCUC |
||
| 041 | 0 | _aara | |
| 049 | _aاهداء | ||
| 097 | _aدكتوراه | ||
| 099 | _aCai01.34.Ph.D.1988.شه.ش | ||
| 100 | 0 | _aشهاب النمر إسماعيل أحمد شهاب | |
| 245 | 1 | 0 |
_aشرح نهاية البهجة لإبراهيم الشبسترى النقشبندى الملقب بسيبويه الثانى : _bتحقيق و دراسة / _cشهاب النمر إسماعيل أحمد شهاب ؛ إشراف ابراهيم عبدالرازق البسيونى |
| 260 |
_aالقاهرة : _bشهاب النمر إسماعيل أحمد شهاب : _c1988 |
||
| 300 |
_a2مج ؛ _c30سم |
||
| 500 | _aإهداء من مكتبة الأستاذ الدكتور على أبوالمكارم | ||
| 502 | _aاطروحة (دكتوراه) - جامعة الأزهر - كلية اللغة العربية - قسم اللغويات | ||
| 700 | 0 |
_aابراهيم عبدالرازق البسيونى : _eمشرف |
|
| 856 | _uhttp://172.23.153.220/th.pdf | ||
| 905 |
_aNazla _eRevisor |
||
| 905 |
_aSamia _eCataloger |
||
| 942 |
_2ddc _cTH |
||
| 999 |
_c73835 _d73835 |
||